| 000 | 00512nam a2200181Ia 4500 | ||
|---|---|---|---|
| 005 | 20250508150713.0 | ||
| 008 | 008 250505s9999 xx 000 0 eng d | ||
| 037 | _aTextual | ||
| 040 |
_aFEDL _beng _cFEDL |
||
| 041 |
_aeng _2eng |
||
| 084 |
_a550.9, REA _qFEDL |
||
| 100 |
_aRead H H _9638387 |
||
| 245 | 0 | _aGeology: An introduction to earth-history | |
| 260 |
_aLondon, UK _bOxford University Press _c1949 |
||
| 300 | _aviii,248p | ||
| 942 |
_cTEXL _h550.9, REA |
||
| 999 |
_c1325162 _d1325162 |
||